000 00682cam a2200241 4500
001 ABS66137
008 021128n2002 000 0 eng u
035 _a(Sirsi) u120616
245 _aRegional survey: Kent
260 _c2002
490 _aProperty Week
_v67(44) 15 November 2002, 69-80(5)
590 _aABS
650 _aKENT
650 _aCHANNEL TUNNEL
650 _aMEDWAY
650 _aDISASTER RECOVERY
650 _aPROPERTY-COMMERCIAL PROPERTY-OFFICE PROPERTY-OFFICE PROPERTY MARKET
650 _aSECONDARY PROPERTIES
650 _aCITY OF LONDON
650 _aOCCUPIERS
690 _aPROPERTY-COMMERCIAL PROPERTY-COMMERCIAL PROPERTY MARKET
942 _n0
999 _c71671
_d71671